000 00400nam a2200145Ia 4500
005 20240821155659.0
008 240821s9999||||xx |||||||||||||| ||und||
082 _a891.43109 RAM
100 _aSingh, Ramsudhar
245 0 _aNai kavita ki lambi kavitayain (HIN)
260 _aNai Delhi
_bRadha Publications
_c1993
300 _a320 p.
650 _aHindi kavita-itihas aur smalochana
942 _cBK
999 _c126612
_d126612